[Event "HUN-chT2 Maroczy 0809"]
[Site "Hungary"]
[Date "2009.04.05"]
[Round "10"]
[White "Kiraly, Zoltan"]
[Black "Ilcsik, Gyongyi"]
[Result "1-0"]
[WhiteElo "1825"]
[BlackElo "1435"]
[PlyCount "141"]
[EventDate "2008.10.26"]
[EventType "team-tourn"]
[EventRounds "11"]
[EventCountry "HUN"]
[SourceTitle "EXT 2010"]
[Source "ChessBase"]
[SourceDate "2010.11.25"]
[SourceVersion "1"]
[SourceVersionDate "2010.11.25"]
[SourceQuality "1"]
[WhiteTeam "Dunaharaszti"]
[BlackTeam "MLTC II"]
[WhiteTeamCountry "HUN"]
[BlackTeamCountry "HUN"]

1. d4 d6 2. c4 e6 3. Nc3 Nf6 4. Bg5 Be7 5. Nf3 b6 6. e4 Bb7 7. Bd3 h6 8. Bf4 g5 9. Bg3 Nh5 10. Ne2 Nxg3 11. Nxg3 Nd7 12. Qe2 c6 13. Nf1 Qc7 14. Ne3 0-0-0 15. 0-0 Rhg8 16. d5 Nc5 17. b4 Nxd3 18. Qxd3 c5 19. Rab1 Rdf8 20. a4 h5 21. a5 g4 22. Nd2 Qd7 23. Rb3 Bd8 24. Rfb1 Bc7 25. R1b2 Qa4 26. Nb1 cxb4 27. axb6 Bxb6 28. dxe6 Bc5 29. Nf5 Rd8 30. Ne7+ Kb8 31. Nxg8 fxe6 32. Nf6 a5 33. Nxh5 Qe8 34. Ng3 Qf7 35. Nc3 Bc6 36. Nb5 Bxb5 37. cxb5 Rf8 38. Nh1 Qg6 39. Qe2 e5 40. b6 Rc8 41. Qa6 Qf7 42. Qa7+ Qxa7 43. bxa7+ Kxa7 44. h3 gxh3 45. gxh3 Rg8+ 46. Kf1 Ka6 47. Ng3 Rf8 48. Nf5 Kb5 49. Ke2 Rd8 50. Rd3 a4 51. Kd2 b3 52. Rbxb3+ axb3 53. Rxb3+ Bb4+ 54. Ke2 Kc4 55. Rd3 d5 56. exd5 e4 57. Ne3+ Kb5 58. Rd4 Bc5 59. Rxe4 Bxe3 60. Rxe3 Rxd5 61. f4 Rf5 62. Kf3 Kc6 63. Kg4 Rf7 64. Re5 Kd7 65. h4 Re7 66. Rxe7+ Kxe7 67. Kg5 Kf7 68. Kf5 Kg7 69. Ke6 Kf8 70. f5 Ke8 71. f6 1-0